Thương mại điện tử
Nội dung sách trình bày tổng quan về thương mại điện tử, hạ tầng phát triển thương mại điện tử, các hình thức giao dịch điện tử, thanh toán điện tử, hoạt động marketing và xây dựng thương hiệu số; giải pháp kinh doanh thương mại điện tư...
保存先:
| 第一著者: | |
|---|---|
| その他の著者: | |
| フォーマット: | 図書 |
| 言語: | Vietnamese |
| 出版事項: |
H.
Thông tin và Truyền thông
2024
|
| 主題: | |
| タグ: |
タグ追加
タグなし, このレコードへの初めてのタグを付けませんか!
|
| Thư viện lưu trữ: | Thư viện Trường Đại học Nam Cần Thơ |
|---|
| LEADER | 01691nam a22002417a 4500 | ||
|---|---|---|---|
| 001 | NCT_4_016912 | ||
| 008 | 250116b xxu||||| |||| 00| 0 vie d | ||
| 999 | |c 8810 |d 8810 | ||
| 020 | |a 9786048093037 |c 180000 | ||
| 082 | 0 | 4 | |2 23rd ed. |a 381.142 |b H404 |
| 100 | 1 | |a Ao Thu Hoài |e Chủ biên | |
| 245 | 1 | 0 | |a Thương mại điện tử |c Ao Thu Hoài, Nguyễn Việt Khôi (Chủ biên) |
| 260 | |a H. |b Thông tin và Truyền thông |c 2024 | ||
| 300 | |a 438 tr. |b Minh hoạ |c 24 cm | ||
| 520 | 3 | |a Nội dung sách trình bày tổng quan về thương mại điện tử, hạ tầng phát triển thương mại điện tử, các hình thức giao dịch điện tử, thanh toán điện tử, hoạt động marketing và xây dựng thương hiệu số; giải pháp kinh doanh thương mại điện tử. | |
| 653 | |a Quản trị kinh doanh | ||
| 700 | 1 | |a Nguyễn Việt Khôi |e Chủ biên | |
| 942 | |2 ddc |c BK | ||
| 952 | |0 0 |1 0 |2 ddc |4 0 |6 381_142000000000000_H404 |7 0 |9 30309 |a 000001 |b 000001 |d 2025-01-21 |o 381.142 H404 |p MD.23290 |r 2025-01-21 |v 180000.00 |w 2025-01-21 |y BK | ||
| 952 | |0 0 |1 0 |2 ddc |4 0 |6 381_142000000000000_H404 |7 0 |9 30310 |a 000001 |b 000001 |d 2025-01-21 |o 381.142 H404 |p MD.23291 |r 2025-01-21 |v 180000.00 |w 2025-01-21 |y BK | ||
| 952 | |0 0 |1 0 |2 ddc |4 0 |6 381_142000000000000_H404 |7 0 |9 30311 |a 000001 |b 000001 |d 2025-01-21 |l 1 |o 381.142 H404 |p MD.23292 |r 2025-11-25 |s 2025-10-13 |v 180000.00 |w 2025-01-21 |y BK | ||
| 952 | |0 0 |1 0 |2 ddc |4 0 |6 381_142000000000000_H404 |7 0 |9 30312 |a 000001 |b 000001 |d 2025-01-21 |o 381.142 H404 |p MD.23293 |r 2025-01-21 |v 180000.00 |w 2025-01-21 |y BK | ||
| 980 | |a Thư viện Trường Đại học Nam Cần Thơ | ||


